[Event "ITT Ciudad de Vicente Lopez"]
[Site "Villa Martelli"]
[Date "2009.08.08"]
[Round "4"]
[White "Zuriel, Marisa"]
[Black "Della Morte, German"]
[Result "0-1"]
[WhiteElo "2200"]
[BlackElo "2372"]
[PlyCount "116"]
[EventDate "2009.08.04"]
[EventType "tourn"]
[EventRounds "9"]
[EventCountry "ARG"]
[EventCategory "2"]

1. e4 d6 2. d4 Nf6 3. Nc3 g6 4. Be3 Bg7 5. h3 c5 6. Nf3 O-O 7. Be2 cxd4 8. Nxd4
Nc6 9. O-O d5 10. Nxc6 bxc6 11. e5 Nd7 12. f4 e6 13. Na4 Qa5 14. c3 Ba6 15.
Bxa6 Qxa6 16. Nc5 Nxc5 17. Bxc5 Rfb8 18. Qd2 Rb5 19. b4 Qa3 20. Rf3 Rb7 21. Re1
a5 22. c4 Qa4 23. cxd5 cxd5 24. f5 exf5 25. Qxd5 Qd7 26. Qxd7 Rxd7 27. a3 Rd5
28. Rfe3 axb4 29. axb4 Ra2 30. e6 fxe6 31. Rxe6 Bd4+ 32. Bxd4 Rxd4 33. Re7 Rdd2
34. Rc7 Rxg2+ 35. Kh1 Rh2+ 36. Kg1 Rag2+ 37. Kf1 Rh1+ 38. Kxg2 Rxe1 39. b5 Rb1
40. Rb7 g5 41. Kf3 Rb3+ 42. Kg2 h5 43. Rb8+ Kg7 44. Rb7+ Kf6 45. Rb6+ Ke5 46.
Rh6 Rb2+ 47. Kg1 g4 48. Rxh5 g3 49. Rh8 f4 50. Re8+ Kf5 51. Rf8+ Ke4 52. Re8+
Kf3 53. Re1 g2 54. Kh2 Rxb5 55. Rg1 Rg5 56. Rb1 g1=Q+ 57. Rxg1 Rxg1 58. Kxg1
Ke2 0-1

[Event "ITT Ciudad de Vicente Lopez"]
[Site "Villa Martelli"]
[Date "2009.08.09"]
[Round "5"]
[White "De Dovitiis, Alejo"]
[Black "Espinoza Palomino, Willyam"]
[Result "1/2-1/2"]
[WhiteElo "2351"]
[BlackElo "2272"]
[PlyCount "93"]
[EventDate "2009.08.04"]
[EventType "tourn"]
[EventRounds "9"]
[EventCountry "ARG"]
[EventCategory "2"]

1. e4 e5 2. Nf3 Nc6 3. Bb5 a6 4. Ba4 Nf6 5. O-O Be7 6. Bxc6 dxc6 7. Qe1 Nd7 8.
b3 O-O 9. Bb2 f6 10. d3 Nc5 11. Nbd2 Ne6 12. Kh1 c5 13. Rc1 Bd6 14. Nc4 Nd4 15.
Nxd4 cxd4 16. f4 Be6 17. Nxd6 Qxd6 18. f5 Bd7 19. Qh4 c5 20. Rf3 Qe7 21. Rcf1
b5 22. Bc1 Rac8 23. Ba3 a5 24. g4 h6 25. Qg3 a4 26. h4 Kf7 27. Kg2 axb3 28.
axb3 Ra8 29. Bc1 Ra2 30. R3f2 c4 31. dxc4 bxc4 32. g5 hxg5 33. hxg5 Bc6 34. Qg4
Qb7 35. bxc4 Bxe4+ 36. Kg3 Ke8 37. Re1 Rxc2 38. Rxc2 Bxc2 39. Qxd4 Bxf5 40. Ba3
Rh8 41. Rxe5+ fxe5 42. Qxe5+ Kf7 43. Qxf5+ Kg8 44. Qe6+ Qf7 45. Qc8+ Kh7 46.
Qh3+ Kg8 47. Qc8+ 1/2-1/2

[Event "ITT Ciudad de Vicente Lopez"]
[Site "Villa Martelli"]
[Date "2009.08.09"]
[Round "5"]
[White "Della Morte, German"]
[Black "Barrionuevo, Pablo"]
[Result "1/2-1/2"]
[WhiteElo "2372"]
[BlackElo "2328"]
[PlyCount "63"]
[EventDate "2009.08.04"]
[EventType "tourn"]
[EventRounds "9"]
[EventCountry "ARG"]
[EventCategory "2"]

1. e4 e5 2. Bc4 Nf6 3. d3 c6 4. Nf3 d5 5. Bb3 Bd6 6. exd5 cxd5 7. O-O O-O 8.
Bg5 e4 9. dxe4 dxe4 10. Nfd2 Qe7 11. Bxf6 Qxf6 12. Nxe4 Bxh2+ 13. Kxh2 Qh4+ 14.
Kg1 Qxe4 15. Nc3 Qg6 16. Qf3 Nc6 17. Nd5 Bf5 18. Ba4 Rae8 19. Bxc6 bxc6 20. Nf4
Qf6 21. c3 Re4 22. Rfe1 Rfe8 23. Rxe4 Rxe4 24. Nh5 Qe6 25. Qg3 Bg6 26. Qb8+ Qe8
27. Qxe8+ Rxe8 28. Nf4 Bf5 29. Rd1 Kf8 30. Kf1 g6 31. f3 h5 32. Rd4 1/2-1/2

[Event "ITT Ciudad de Vicente Lopez"]
[Site "Villa Martelli"]
[Date "2009.08.09"]
[Round "5"]
[White "Granara Barreto, Sebastian"]
[Black "Guerrero, Alvaro"]
[Result "1-0"]
[WhiteElo "2200"]
[BlackElo "2257"]
[PlyCount "115"]
[EventDate "2009.08.04"]
[EventType "tourn"]
[EventRounds "9"]
[EventCountry "ARG"]
[EventCategory "2"]

1. d4 Nf6 2. c4 g6 3. Nc3 Bg7 4. e4 d6 5. f4 O-O 6. Nf3 c5 7. dxc5 Qa5 8. Bd3
Qxc5 9. Qe2 Nc6 10. Be3 Qb4 11. O-O Bg4 12. h3 Bxf3 13. Rxf3 Nd7 14. Rc1 Nd4
15. Bxd4 Bxd4+ 16. Kh1 Bxc3 17. Rxc3 Qc5 18. Bc2 Rfd8 19. Rg3 Qc7 20. h4 d5 21.
e5 d4 22. Rcf3 e6 23. h5 Nf8 24. Bd3 Qe7 25. Rh3 Rd7 26. g4 Re8 27. Rf2 g5 28.
Qe4 h6 29. b3 a6 30. Rhf3 Qa3 31. Kg2 Qc1 32. Rc2 Qa3 33. fxg5 hxg5 34. Rf6 Rc8
35. Qe1 Qc5 36. Re2 Nh7 37. Rh6 Nf8 38. Qd2 Qe7 39. Rf6 Nh7 40. Bxh7+ Kxh7 41.
Ref2 Rf8 42. Qd3+ Kg8 43. h6 Re8 44. Rxf7 Qxf7 45. Rxf7 Rxf7 46. Qxd4 Rh7 47.
Qd3 Rxh6 48. Qd2 Kh7 49. Qxg5 Rg6 50. Qh5+ Kg7 51. Kg3 Rf8 52. Qh1 Rf7 53. Qe4
Kh6 54. a4 Rc7 55. Qd4 Rg8 56. Qd6 Rc6 57. Qe7 Rg7 58. Qh4+ 1-0

[Event "ITT Ciudad de Vicente Lopez"]
[Site "Villa Martelli"]
[Date "2009.08.09"]
[Round "5"]
[White "Lopez Azambuja, Nicolas"]
[Black "Zuriel, Marisa"]
[Result "0-1"]
[WhiteElo "2185"]
[BlackElo "2200"]
[PlyCount "84"]
[EventDate "2009.08.04"]
[EventType "tourn"]
[EventRounds "9"]
[EventCountry "ARG"]
[EventCategory "2"]

1. d4 Nf6 2. c4 c5 3. d5 b5 4. cxb5 a6 5. bxa6 g6 6. Nc3 Bxa6 7. e4 Bxf1 8.
Kxf1 d6 9. Nf3 Bg7 10. h3 Nbd7 11. Kg1 O-O 12. Kh2 Qa5 13. Re1 Rfb8 14. Re2 Ne8
15. Rc2 Nc7 16. Bg5 Kf8 17. Bd2 Qa6 18. Qc1 Ne5 19. Nxe5 Bxe5+ 20. Bf4 Bh8 21.
Qe3 Qc4 22. b3 Qd4 23. Qg3 Rxb3 24. Rac1 Rb6 25. Qh4 Be5 26. Bxe5 Qxe5+ 27. f4
Qg7 28. Re1 Rb4 29. Qg4 Rd8 30. Nd1 Nb5 31. Nf2 Nd4 32. Rd2 h5 33. Qh4 Ra4 34.
Nd1 Rda8 35. Kh1 Rxa2 36. Rxa2 Rxa2 37. Ne3 Re2 38. Rb1 Qf6 39. Qg3 h4 40. e5
hxg3 41. exf6 exf6 42. Nf1 Nf5 0-1

[Event "ITT Ciudad de Vicente Lopez"]
[Site "Villa Martelli"]
[Date "2009.08.09"]
[Round "5"]
[White "Rey Besada, Fernando"]
[Black "Diaz, Nahuel"]
[Result "0-1"]
[WhiteElo "2205"]
[BlackElo "2441"]
[PlyCount "74"]
[EventDate "2009.08.04"]
[EventType "tourn"]
[EventRounds "9"]
[EventCountry "ARG"]
[EventCategory "2"]

1. e4 e5 2. Nf3 Nc6 3. Bb5 g6 4. c3 d6 5. d4 Bd7 6. O-O Bg7 7. Bg5 Nge7 8. d5
Nb8 9. Bd3 h6 10. Bh4 g5 11. Bg3 Ng6 12. c4 g4 13. Ne1 h5 14. f3 h4 15. Bf2 g3
16. Be3 Nf4 17. Qd2 gxh2+ 18. Kh1 Nh5 19. Kxh2 Ng3 20. Bg5 Bf6 21. Bh6 Nxf1+
22. Bxf1 Ke7 23. Nc3 Qg8 24. Ne2 Na6 25. Be3 Qg7 26. c5 Nxc5 27. Bxc5 dxc5 28.
d6+ cxd6 29. Rd1 Rhd8 30. Qxd6+ Ke8 31. Qxc5 Be7 32. Qa5 Bc6 33. Rc1 Qf6 34.
Nc2 h3 35. Ne3 hxg2 36. Kxg2 Qg5+ 37. Ng4 f5 0-1

[Event "ITT Ciudad de Vicente Lopez"]
[Site "Villa Martelli"]
[Date "2009.08.09"]
[Round "6"]
[White "Diaz, Nahuel"]
[Black "Granara Barreto, Sebastian"]
[Result "1-0"]
[WhiteElo "2441"]
[BlackElo "2200"]
[PlyCount "75"]
[EventDate "2009.08.04"]
[EventType "tourn"]
[EventRounds "9"]
[EventCountry "ARG"]
[EventCategory "2"]

1. Nf3 c5 2. g3 b6 3. e4 Bb7 4. Nc3 g6 5. d4 Bg7 6. Bg2 cxd4 7. Nxd4 d6 8. O-O
Nd7 9. Re1 Rb8 10. f4 Nh6 11. e5 Nc5 12. Nc6 Bxc6 13. Bxc6+ Kf8 14. exd6 Qxd6
15. Qxd6 exd6 16. Nb5 Nf5 17. g4 Nd4 18. Nxd4 Bxd4+ 19. Kg2 Rc8 20. Bd5 h5 21.
g5 a5 22. c3 Bg7 23. Be3 Rb8 24. Rad1 Rd8 25. Bc6 Ne6 26. Kf3 Ke7 27. Bxb6 Rb8
28. Bc7 Rhd8 29. Re2 Rbc8 30. Bxd8+ Rxd8 31. Rd5 Rc8 32. Bb5 Bf8 33. Ba6 Ra8
34. Rxa5 Kd8 35. b4 Bg7 36. Bc4 Rc8 37. Bxe6 Rxc3+ 38. Re3 1-0

[Event "ITT Ciudad de Vicente Lopez"]
[Site "Villa Martelli"]
[Date "2009.08.09"]
[Round "6"]
[White "Espinoza Palomino, Willyam"]
[Black "Della Morte, German"]
[Result "1-0"]
[WhiteElo "2272"]
[BlackElo "2372"]
[PlyCount "103"]
[EventDate "2009.08.04"]
[EventType "tourn"]
[EventRounds "9"]
[EventCountry "ARG"]
[EventCategory "2"]

1. e4 e5 2. Nf3 Nc6 3. Bb5 a6 4. Ba4 Nf6 5. O-O b5 6. Bb3 Bc5 7. c3 d6 8. d4
Bb6 9. dxe5 dxe5 10. Qxd8+ Nxd8 11. Nxe5 O-O 12. Bg5 Re8 13. Bxf6 gxf6 14. Nf3
Bb7 15. Nbd2 Ne6 16. Bxe6 fxe6 17. Rfe1 Rad8 18. Nf1 Rd3 19. Ng3 Red8 20. Rac1
Bc5 21. Kf1 a5 22. Nd4 Bxd4 23. cxd4 c6 24. Ne2 Rd2 25. Rb1 c5 26. Red1 Rxd1+
27. Rxd1 cxd4 28. Rxd4 Rxd4 29. Nxd4 Bxe4 30. f3 Bd5 31. a3 e5 32. Nc2 Kf7 33.
Ke2 Ke6 34. Ne3 Bc6 35. g4 Be8 36. Kd2 h5 37. h3 Bg6 38. b3 Kd6 39. Kc3 Kc5 40.
Nc2 Bxc2 41. Kxc2 hxg4 42. fxg4 Kd5 43. Kd3 Ke6 44. Ke4 Kd6 45. h4 Ke6 46. h5
b4 47. a4 Kf7 48. g5 fxg5 49. Kxe5 Kg7 50. Kf5 g4 51. Kxg4 Kh6 52. Kh4 1-0

[Event "ITT Ciudad de Vicente Lopez"]
[Site "Villa Martelli"]
[Date "2009.08.09"]
[Round "6"]
[White "Guerrero, Alvaro"]
[Black "De Dovitiis, Alejo"]
[Result "1-0"]
[WhiteElo "2257"]
[BlackElo "2351"]
[PlyCount "146"]
[EventDate "2009.08.04"]
[EventType "tourn"]
[EventRounds "9"]
[EventCountry "ARG"]
[EventCategory "2"]

1. d4 d6 2. c4 e5 3. d5 f5 4. Nc3 Nf6 5. Nf3 g6 6. e3 Bg7 7. Be2 O-O 8. O-O a5
9. a3 h6 10. Bd2 g5 11. Ne1 f4 12. Nc2 a4 13. Nb4 Bd7 14. Kh1 Qe8 15. Nb5 Bxb5
16. cxb5 Nbd7 17. Rc1 Nc5 18. Rc2 Qg6 19. f3 h5 20. Bc1 Rf7 21. Bc4 Nfd7 22.
Bd3 Qh6 23. Re2 Raf8 24. Bc2 Ra8 25. Rfe1 Qf6 26. Nd3 Bh6 27. Nf2 Kh8 28. exf4
gxf4 29. Ne4 Nxe4 30. Rxe4 Nc5 31. Rc4 Rg7 32. Re2 Rag8 33. Bd2 Qf7 34. Bc3 b6
35. Bb4 h4 36. h3 Nb3 37. Bc3 Qd7 38. Bxb3 axb3 39. Rc6 Rg3 40. Kh2 Qg7 41. Qf1
Kh7 42. Qb1+ Kh8 43. Qf1 Kh7 44. Kh1 Qf7 45. Qb1+ R8g6 46. Be1 Qxd5 47. Bxg3
hxg3 48. Rxc7+ Bg7 49. Re1 Qxb5 50. Rec1 Kh6 51. h4 Rf6 52. Ra7 e4 53. Qxe4 Qh5
54. Kg1 Qxh4 55. Rc8 Qh2+ 56. Kf1 Qh1+ 57. Ke2 Qxg2+ 58. Kd1 Qf1+ 59. Kd2 Qf2+
60. Kd1 g2 61. Rxg7 (61. Rh8+ Bxh8 62. Rh7+ Kg5 63. Qd5+ Kg6 (63... Rf5 64.
Qg8+ Kf6 65. Qxh8+ $18) 64. Qh5#) 61... g1=Q+ 62. Rxg1 Qxg1+ 63. Ke2 Qg7 64.
Rc1 Qg2+ 65. Kd3 Kg5 66. Qd5+ Kh4 67. Kc3 Rg6 68. Kxb3 Kg3 69. Rc3 Qe2 70. Qh5
Qe6+ 71. Kc2 Qf6 72. Kb1 Rg5 73. Qh1 Rc5 $138 1-0

[Event "ITT Ciudad de Vicente Lopez"]
[Site "Villa Martelli"]
[Date "2009.08.09"]
[Round "6"]
[White "Lopez Azambuja, Nicolas"]
[Black "Rey Besada, Fernando"]
[Result "1/2-1/2"]
[WhiteElo "2185"]
[BlackElo "2205"]
[PlyCount "107"]
[EventDate "2009.08.04"]
[EventType "tourn"]
[EventRounds "9"]
[EventCountry "ARG"]
[EventCategory "2"]

1. e4 c5 2. Nf3 d6 3. d4 cxd4 4. Nxd4 Nf6 5. Nc3 a6 6. f3 e5 7. Nb3 Be6 8. Be3
Be7 9. Qd2 O-O 10. O-O-O Qc7 11. g4 Rc8 12. g5 Nh5 13. Kb1 Nd7 14. Nd5 Bxd5 15.
exd5 g6 16. Bh3 a5 17. Bg4 a4 18. Nc1 a3 19. b3 Nf4 20. Bxf4 exf4 21. h4 Bf8
22. Nd3 Bg7 23. Bxd7 Qxd7 24. Rh2 Qf5 25. Re2 Qxd5 26. Nxf4 Qxf3 27. Nd5 Re8
28. Rf2 Qg3 29. Nc7 {Diagrama #} Rac8 (29... Re4 $1 30. Rdf1 (30. Nxa8 $2 Rd4
$1) 30... Qe5 31. c3 Re3 32. Nd5 Qe4+ 33. Kc1 Rd3 34. Ne7+ Kh8 35. Rf4 Rxd2 36.
Rxe4 Rxa2 $19) 30. Nxe8 Rxe8 31. Qf4 Qe3 32. Qxe3 Rxe3 33. Kc1 Be5 34. Rdf1 f5
35. gxf6 Kf7 36. Rh1 Bg3 37. Rg2 Bf4 38. Kd1 h6 39. Re2 Rg3 40. Re7+ Kxf6 41.
Rxb7 Be5 42. Rh7 h5 43. Kd2 Bc3+ 44. Ke2 d5 45. Rf1+ Ke6 46. Rc7 d4 47. Kf2 Rg4
48. Rg1 Rxh4 49. Rxg6+ Kf5 50. Rcc6 Rh2+ 51. Rg2 Rh1 52. Rg1 Rh2+ 53. Rg2 Rh1
54. Rg1 1/2-1/2

[Event "ITT Ciudad de Vicente Lopez"]
[Site "Villa Martelli"]
[Date "2009.08.09"]
[Round "6"]
[White "Zuriel, Marisa"]
[Black "Barrionuevo, Pablo"]
[Result "1-0"]
[WhiteElo "2200"]
[BlackElo "2328"]
[PlyCount "107"]
[EventDate "2009.08.04"]
[EventType "tourn"]
[EventRounds "9"]
[EventCountry "ARG"]
[EventCategory "2"]

1. e4 c5 2. Nf3 Nc6 3. d4 cxd4 4. Nxd4 g6 5. Nc3 Bg7 6. Nde2 Rb8 7. g3 b5 8. a3
Nf6 9. Bg2 O-O 10. O-O d6 11. b3 Bd7 12. Bb2 Qc8 13. Nf4 Re8 14. Rb1 Ne5 15.
Qe2 h5 16. h4 Nfg4 17. Ncd5 e6 18. Ne3 Nf6 19. Rfd1 Qc7 20. Qd2 Bf8 21. Rbc1
Qb7 22. Nd3 Bc6 23. Nxe5 dxe5 24. Bxe5 Nxe4 25. Bxe4 Bxe4 26. Bxb8 Rxb8 27. Qd7
Qb6 28. Qd4 Qb7 29. Qd7 Qa6 30. a4 Bc6 31. axb5 Rxb5 32. Qd3 Qb7 33. Qd8 Kg7
34. Ra1 Bc5 35. Qd3 e5 36. Kh2 Bd4 37. Ra4 Be4 38. Qd2 Bb6 39. Nc4 Rd5 40. Qe1
Rxd1 41. Qxd1 Bf3 42. Qe1 e4 43. Qc3+ Kh7 44. Nxb6 axb6 45. Qd4 Qb8 46. Ra1 Qb7
47. c4 Bg4 48. Re1 Bf5 49. b4 Qc7 50. c5 bxc5 51. bxc5 Qb7 52. Rd1 Be6 53. Qf6
Bd5 54. Qe5 1-0

[Event "ITT Ciudad de Vicente Lopez"]
[Site "Villa Martelli"]
[Date "2009.08.11"]
[Round "7"]
[White "Barrionuevo, Pablo"]
[Black "Espinoza Palomino, Willyam"]
[Result "1-0"]
[WhiteElo "2328"]
[BlackElo "2272"]
[PlyCount "82"]
[EventDate "2009.08.04"]
[EventType "tourn"]
[EventRounds "9"]
[EventCountry "ARG"]
[EventCategory "2"]

1. d4 d5 2. c4 c6 3. Nc3 Nf6 4. Nf3 e6 5. Bg5 h6 6. Bxf6 Qxf6 7. Qb3 Nd7 8. e4
dxe4 9. Nxe4 Qd8 10. Bd3 Be7 11. O-O O-O 12. Rad1 Qc7 13. Rfe1 Nf6 14. Bb1 Nxe4
15. Rxe4 Bf6 16. Qc2 g6 17. c5 Rd8 18. h4 h5 19. Qc1 Bg7 20. a3 b6 21. Ng5 Bd7
22. Ba2 Be8 23. b4 a5 24. Qc2 axb4 25. axb4 bxc5 26. bxc5 Qa5 27. Bc4 Ra7 28.
g4 hxg4 29. h5 Qa4 30. Bb3 Qb4 31. hxg6 fxg6 32. Bxe6+ Kh8 33. Kg2 Bh6 34. d5
Qa3 35. Re3 Qb4 36. Rh1 Kg7 37. Re4 Qa3 38. Rxh6 Kxh6 39. Qd2 Qa2 40. Nf7+ Kg7
41. Qh6+ Kf6 1-0

[Event "ITT Ciudad de Vicente Lopez"]
[Site "Villa Martelli"]
[Date "2009.??.??"]
[Round "8"]
[White "Guerrero, Alvaro"]
[Black "Barrionuevo, Pablo"]
[Result "1/2-1/2"]
[WhiteElo "2257"]
[BlackElo "2328"]
[PlyCount "54"]
[EventDate "2009.08.04"]
[EventType "tourn"]
[EventRounds "9"]
[EventCountry "ARG"]
[EventCategory "2"]

1. d4 d5 2. Nf3 e6 3. c4 c5 4. cxd5 exd5 5. Bg5 f6 6. Bd2 Nc6 7. e3 Be6 8. Nc3
cxd4 9. Nxd4 Nxd4 10. exd4 Qb6 11. Bd3 Ne7 12. O-O Kf7 13. Re1 g6 14. Na4 Qxd4
15. Bc3 Qg4 16. f3 Qf4 17. Qb3 b6 18. Rad1 Rd8 19. g3 Qxf3 20. Bd4 Qg4 21. Be2
Qh3 22. Bf1 Qf5 23. Bd3 Qg4 24. Be2 Qh3 25. Bf1 Qf5 26. Bd3 Qg4 27. Be2 Qh3
1/2-1/2

[Event "ITT Ciudad de Vicente Lopez"]
[Site "Villa Martelli"]
[Date "2009.??.??"]
[Round "8"]
[White "Rey Besada, Fernando"]
[Black "Granara Barreto, Sebastian"]
[Result "1/2-1/2"]
[WhiteElo "2205"]
[BlackElo "2200"]
[PlyCount "25"]
[EventDate "2009.08.04"]
[EventType "tourn"]
[EventRounds "9"]
[EventCountry "ARG"]
[EventCategory "2"]

1. e4 e5 2. Nf3 Nf6 3. Nxe5 d6 4. Nf3 Nxe4 5. Nc3 Nxc3 6. dxc3 Be7 7. Be3 Nc6
8. Qd2 Bg4 9. Be2 Qd7 10. O-O-O O-O-O 11. h3 Be6 12. Kb1 Bf6 13. Nd4 1/2-1/2

[Event "ITT Ciudad de Vicente Lopez"]
[Site "Villa Martelli"]
[Date "2009.??.??"]
[Round "8"]
[White "Zuriel, Marisa"]
[Black "Espinoza Palomino, Willyam"]
[Result "0-1"]
[WhiteElo "2200"]
[BlackElo "2272"]
[PlyCount "62"]
[EventDate "2009.08.04"]
[EventType "tourn"]
[EventRounds "9"]
[EventCountry "ARG"]
[EventCategory "2"]

1. e4 e5 2. Nf3 Nc6 3. Bb5 a6 4. Ba4 Nf6 5. O-O Be7 6. Re1 b5 7. Bb3 d6 8. c3
O-O 9. h3 Na5 10. Bc2 c5 11. d4 Qc7 12. Nbd2 cxd4 13. cxd4 Nc6 14. a3 Bd7 15.
Nb3 a5 16. Be3 a4 17. Nbd2 Rfe8 18. Rc1 Qb7 19. Bb1 Bd8 20. Ba2 h6 21. dxe5
Nxe5 22. Nxe5 dxe5 23. Bc5 Ba5 24. Qe2 Rad8 25. Rc2 Be6 26. Bxe6 Rxe6 27. f3
Rc6 28. b4 axb3 29. Nxb3 Bxe1 30. Qxe1 Qc7 31. Rc1 Rd3 0-1

[Event "ITT Ciudad de Vicente Lopez"]
[Site "Villa Martelli"]
[Date "2009.??.??"]
[Round "9"]
[White "Barrionuevo, Pablo"]
[Black "Diaz, Nahuel"]
[Result "0-1"]
[WhiteElo "2328"]
[BlackElo "2441"]
[PlyCount "82"]
[EventDate "2009.08.04"]
[EventType "tourn"]
[EventRounds "9"]
[EventCountry "ARG"]
[EventCategory "2"]

1. d4 g6 2. c4 d6 3. Nf3 Bg7 4. Nc3 c6 5. e4 Bg4 6. Be3 Nd7 7. Be2 Ngf6 8. Nd2
Bxe2 9. Qxe2 e5 10. d5 O-O 11. g4 a6 12. f3 Rc8 13. a4 Qa5 14. O-O cxd5 15.
cxd5 Qb4 16. Rfb1 Qa5 17. b4 Qd8 18. Ra3 Ne8 19. a5 f5 20. b5 axb5 21. Rxb5 Rc7
22. Kg2 h5 23. Rb4 Nc5 24. Na4 hxg4 25. fxg4 Qh4 26. gxf5 gxf5 27. Bf2 Qh7 28.
Rh3 Qg6+ 29. Rg3 Qf7 30. Nc3 f4 31. Rg5 Nd7 32. Rb3 Ndf6 33. Nf3 Nh7 34. Rg4
Nef6 35. Rh4 Qg6+ 36. Kh1 Rfc8 37. Qd3 Bf8 38. Nd2 Ng5 39. Bb6 Rg7 40. Qe2
Ngxe4 41. Ndxe4 Nxe4 0-1

[Event "ITT Ciudad de Vicente Lopez"]
[Site "Villa Martelli"]
[Date "2009.??.??"]
[Round "9"]
[White "De Dovitiis, Alejo"]
[Black "Rey Besada, Fernando"]
[Result "1-0"]
[WhiteElo "2351"]
[BlackElo "2205"]
[PlyCount "81"]
[EventDate "2009.08.04"]
[EventType "tourn"]
[EventRounds "9"]
[EventCountry "ARG"]
[EventCategory "2"]

1. e4 c5 2. Nf3 d6 3. d4 cxd4 4. Nxd4 Nf6 5. Nc3 a6 6. h3 e6 7. g4 b5 8. Bg2
Bb7 9. O-O Nc6 10. e5 Nxd4 11. Qxd4 Bxg2 12. exf6 e5 13. Re1 Bc6 14. Nd5 gxf6
15. Qe4 Rc8 16. a4 Bg7 17. axb5 axb5 18. Ra6 O-O 19. Rxc6 Rxc6 20. Nxf6+ Qxf6
21. Qxc6 Qh4 22. Qxd6 Qxh3 23. Re3 Qh4 24. Rd3 e4 25. Qg3 Qe7 26. Rd5 Rd8 27.
Bg5 f6 28. Rxd8+ Qxd8 29. Be3 Qd1+ 30. Kg2 Bf8 31. Qf4 Qd5 32. Qxf6 Bg7 33. Qe7
Bxb2 34. Bh6 Qa8 35. Qg5+ Kf7 36. Qf5+ Ke7 37. Bg5+ Kd6 38. Bf4+ Ke7 39. Qxh7+
Ke6 40. Qf5+ Ke7 41. Qxb5 1-0

[Event "ITT Ciudad de Vicente Lopez"]
[Site "Villa Martelli"]
[Date "2009.??.??"]
[Round "9"]
[White "Della Morte, German"]
[Black "Lopez Azambuja, Nicolas"]
[Result "1-0"]
[WhiteElo "2372"]
[BlackElo "2185"]
[PlyCount "65"]
[EventDate "2009.08.04"]
[EventType "tourn"]
[EventRounds "9"]
[EventCountry "ARG"]
[EventCategory "2"]

1. e4 c5 2. Nf3 d6 3. d4 cxd4 4. Nxd4 Nf6 5. Nc3 a6 6. Bg5 e6 7. f4 Nc6 8. e5
h6 9. Bh4 g5 10. fxg5 Nd5 11. Nxd5 exd5 12. Nxc6 bxc6 13. exd6 Bxd6 14. Qh5
Qa5+ 15. c3 Rb8 16. Bd3 Bc5 17. g6 Be6 18. b4 Rxb4 19. Bf6 Rd4 20. Bxd4 Bxd4
21. Rc1 Bxc3+ 22. Kf1 fxg6 23. Bxg6+ Kd7 24. g3 Bd2 25. Rc2 Rf8+ 26. Kg2 Qb4
27. h3 d4 28. Be4 d3 29. Bxc6+ Kd6 30. a3 dxc2 31. axb4 Be3 32. Bf3 c1=Q 33.
Rxc1 1-0

[Event "Mercosur Cup 2009"]
[Site "Villa Martelli"]
[Date "2009.08.04"]
[Round "1"]
[White "Cori Tello, Jorge"]
[Black "Trois, Francisco RT"]
[Result "1-0"]
[WhiteElo "2424"]
[BlackElo "2342"]
[PlyCount "75"]
[EventDate "2009.08.04"]
[EventType "tourn"]
[EventRounds "11"]
[EventCountry "ARG"]
[EventCategory "7"]

1. e4 c6 2. d4 g6 3. Bd3 Bg7 4. c3 d6 5. Ne2 e5 6. O-O Ne7 7. f4 (7. Be3 O-O 8.
f4 exd4 9. Nxd4 c5 10. Nf3 b6 11. Nbd2 Ba6 12. Qe2 Bxd3 13. Qxd3 d5 14. e5 Qc8
15. Rad1 Na6 16. h3 Nc7 17. g4 Nc6 18. Bf2 Qa6 19. Qc2 Rfe8 20. Bg3 Rad8 21.
Rde1 d4 22. Ne4 dxc3 23. bxc3 Qd3 24. Qa4 Na5 25. Nxc5 Qxc3 26. Ne4 Qc4 27.
Qxc4 Nxc4 28. Rc1 b5 29. Nd6 Nxd6 30. Rxc7 Ne4 31. Bh4 Rd3 32. Rxa7 Bf8 33. Rc7
Ra8 34. Rc2 Nc3 35. Ne1 Rxh3 36. Nf3 Nd5 37. Kf2 Ra3 38. Bg3 Ne3 39. Rfc1 Nxc2
40. Rxc2 Rh1 41. Nd4 Ra1 42. Nxb5 R3xa2 43. Rxa2 Rxa2+ 44. Kf3 Rb2 45. Nc7 Rb3+
46. Kg2 Be7 47. Nd5 Kf8 48. g5 Rd3 49. Nc7 Bd8 50. Nb5 Bb6 51. Nd6 Bc5 52. Ne4
Be7 53. Bf2 Ke8 54. Bc5 Bxc5 55. Nxc5 Ra3 56. Ne4 Ke7 57. Kf2 Ke6 58. Nd6 Ra6
59. Nc4 Ra4 {0-1 Zeleny,T (2231)-Hlavnicka,J (2238)/Czechia 2008/EXT 2009})
7... exf4 8. Bxf4 d5 9. Nd2 O-O 10. e5 c5 11. Nf3 Nbc6 12. Qd2 cxd4 13. Nexd4
Nxd4 14. Nxd4 Nc6 15. Nxc6 bxc6 16. Bh6 Qb6+ 17. Rf2 Ba6 18. Bxa6 Qxa6 19. Bxg7
Kxg7 20. Qg5 Rae8 21. Raf1 Qb6 22. h4 Qc7 23. Rf5 Qe7 24. Qg3 Kh8 25. Rf6 Qxe5
26. Qxe5 Rxe5 27. Rxc6 Re2 28. Rf2 Re1+ 29. Kh2 Re4 30. Kg3 Ra4 31. b3 Ra5 32.
a4 Kg8 33. Rc7 Kg7 34. Rf4 h6 35. Rf3 Kg8 36. Rf6 Kg7 37. Rd6 h5 38. Kf4 $1 (
38. Kf4 {y las negras excedieron el tiempo de reflexión.} a6 (38... Re8 39.
Rdd7 Rf8 {[%csl Ra7]}) 39. b4 Rxa4 40. Kg5 Kg8 41. Kh6 d4 (41... Ra2 42. g3 Rg2
43. Rxa6 Rxg3 44. b5) 42. Rxd4 Ra8 43. Rdd7 Rf8 44. Ra7 Ra3 45. b5 Rxc3 46. b6
Rcc8 47. b7 Rb8 48. Rxa6 $18) 1-0

[Event "Mercosur Cup 2009"]
[Site "Villa Martelli"]
[Date "2009.08.04"]
[Round "1"]
[White "Rodriguez Vila, Andres"]
[Black "Cori Tello, Deysi Estella"]
[Result "1-0"]
[WhiteElo "2522"]
[BlackElo "2390"]
[PlyCount "71"]
[EventDate "2009.08.04"]
[EventType "tourn"]
[EventRounds "11"]
[EventCountry "ARG"]
[EventCategory "7"]

1. e4 e6 2. Qe2 c5 3. g3 Nc6 4. Bg2 g6 5. c3 Bg7 6. h4 h5 7. Na3 Nge7 8. Nf3 d5
9. d3 a6 10. O-O O-O 11. e5 Nf5 12. Bf4 b5 13. Nc2 d4 14. cxd4 cxd4 15. Ng5 Bb7
16. Be4 Re8 17. Rfe1 Rc8 18. Rac1 Qd7 19. Na1 Nb4 20. Nb3 Nxa2 21. Rxc8 Rxc8
22. g4 hxg4 23. Qxg4 Nb4 24. h5 Bxe4 25. dxe4 Nh6 26. Qh3 gxh5 27. Rd1 d3 28.
Qxh5 Qb7 29. Nd2 Nc2 30. Ngf3 Kh7 31. Kh1 Rh8 32. Rg1 Qe7 33. Bg5 Qf8 34. Bxh6
Kg8 35. Nh2 Nd4 36. Ng4 1-0